|
|
|
|
| LEADER |
00000nam2a2200000 4500 |
| 001 |
32598 |
| 005 |
20231101210114.0 |
| 010 |
|
|
|a 5250010652
|
| 035 |
|
|
|a (RuTPU)RU\TPU\book\32897
|
| 035 |
|
|
|a BOOK00000023
|
| 090 |
|
|
|a 32598
|
| 100 |
|
|
|a 20011210d1989 m y0rusy50 ca
|
| 101 |
0 |
|
|a rus
|
| 102 |
|
|
|a RU
|
| 105 |
|
|
|a y j 000zy
|
| 200 |
0 |
|
|a Ч. 1
|
| 210 |
|
|
|d 1989
|
| 215 |
|
|
|a 367 с.
|
| 461 |
|
1 |
|0 (RuTPU)RU\TPU\book\63069
|t Введение в философию
|o Учебник для вузов: В 2 ч.
|f И. Т. Фролов, Э. А. Араб-оглы, Г. С. Арефьева и др.
|v Ч. 1
|d 1989-
|
| 606 |
|
|
|a Философия
|2 stltpush
|3 (RuTPU)RU\TPU\subj\63880
|9 80812
|
| 610 |
1 |
|
|a становление
|
| 610 |
1 |
|
|a развитие
|
| 610 |
1 |
|
|a функции
|
| 610 |
1 |
|
|a возникновение
|
| 610 |
1 |
|
|a Древний Восток
|
| 610 |
1 |
|
|a Древняя Греция
|
| 610 |
1 |
|
|a средние века
|
| 610 |
1 |
|
|a Возрождение
|
| 610 |
1 |
|
|a 17 век
|
| 610 |
1 |
|
|a Просвещение
|
| 610 |
1 |
|
|a немецкий идеализм
|
| 610 |
1 |
|
|a диалектика
|
| 610 |
1 |
|
|a марксизм
|
| 610 |
1 |
|
|a немарксистская философия
|
| 610 |
1 |
|
|a 20 век
|
| 610 |
1 |
|
|a учебные пособия
|
| 686 |
|
|
|a Ю0/3я73
|v LBC/SL-A
|2 rubbk
|
| 801 |
|
0 |
|a RU
|b 63413507
|c 20011210
|g PSBO
|
| 801 |
|
2 |
|a RU
|b 63413507
|c 20201118
|g PSBO
|
| 942 |
|
|
|c BK
|